「きへん」の漢字がつく市町村 - Statistics

General Stats
  • This quiz has been taken 379 times
    247 since last reset
  • The average score is 58 of 130
Answer Stats
都道府県 市町村名 % Correct
伊予郡 | 松前郡 松前町
80%
愛媛県 松山市
72%
神奈川県 横浜市
70%
北海道 札幌市
69%
様似郡 様似町
67%
標津町
67%
山形県 村山市
67%
松戸市
67%
板橋区
66%
香川県 高松市
66%
秋田県 横手市
65%
和歌山市 橋本市
65%
上北郡 横浜町
64%
島根県 松江市
64%
枝幸郡 枝幸町
63%
宮城県 東松島市
63%
柏市
63%
石川県 小松市
63%
長野県 松本市
63%
相馬市
62%
東村山市
62%
横須賀市
62%
標津郡 中標津町
61%
南相馬市
61%
宮城郡 松島町
60%
根室市
59%
相模原市
59%
栃木県 栃木市
58%
群馬県 前橋市
58%
武蔵村山市
57%
村上市
57%
福島県 会津若松市
56%
埼玉県 東松山市
56%
長崎県 大村市
56%
田村市
54%
足柄上郡 松田町
54%
桐生市
53%
館林市
53%
千葉県 船橋市
53%
東京都 杉並区
53%
静岡県 浜松市
53%
三重県 松阪市
53%
二本松市
52%
矢板市
52%
西多摩郡 檜原村
52%
広尾郡 大樹町
51%
柴田郡 村田町
51%
柏原市
51%
山口県 下松市
51%
板野町
51%
南会津郡 檜枝岐村
50%
大阪府 高槻市
49%
奈良県 橿原市
49%
青梅市
48%
徳島県 小松島市
47%
小樽市
46%
東根市
45%
茨城県 桜川市
45%
新潟県 柏崎市
44%
神栖市
43%
足柄下郡 箱根町
43%
山梨県 北杜市
43%
松原市
43%
大分県 臼杵市
43%
宮崎県 小林市
43%
河西郡 中札内村
42%
北葛飾郡 杉戸町
42%
桜井市
42%
下伊那郡 松川町
41%
北群馬郡 榛東村
40%
山武郡 横芝光町
40%
柳井市
40%
松浦市
40%
寿都郡 黒松内町
39%
賀茂郡 松崎町
39%
枚方市
39%
福岡県 柳川市
39%
双葉郡 楢葉町
38%
秩父郡 横瀬町
38%
羽村市
38%
南足柄市
38%
富山県 中新川郡 舟橋村
38%
藤枝市
38%
榛原郡 川根本町
38%
京都府 与謝郡 伊根町
38%
富田林市
38%
東彼杵郡 東彼杵町
38%
杵築市
38%
鹿児島県 枕崎市
38%
河沼郡 柳津町
37%
滋賀県 彦根市
37%
桶川市
36%
邑楽郡 板倉町
35%
南佐久郡 南相木村
35%
北相木村
35%
北安曇郡 松川村
35%
北設楽郡 豊根村
35%
川上郡 標茶町
34%
青森県 北津軽郡 板柳町
34%
愛知県 豊橋市
34%
佐賀県 鳥栖市
34%
松伏町
33%
長生郡 長柄町
33%
鳥取県 八頭郡 若桜町
33%
上板町
33%
東白川郡 棚倉町
32%
塩谷郡 高根沢町
32%
兵庫県 相生市
31%
北宇和郡 松野町
30%
岩手県 上閉伊郡 大槌町
28%
駒ヶ根市
28%
北相馬郡 利根町
27%
宇陀郡 御杖村
27%
行橋市
27%
耶麻郡 磐梯町
26%
佐波郡 玉村町
26%
川棚町
26%
岐阜県 羽島郡 笠松町
25%
南都留郡 西桂町
24%
嘉穂郡 桂川町
23%
阿久根市
23%
虻田郡 京極町
22%
木曽郡 上松町
21%
板野郡 松茂町
21%
高知県 高岡郡 梼原町
21%
大島郡 宇検村
21%
根羽村
17%
東臼杵郡 椎葉村
17%
熊本県 球磨郡 相良村
14%
No matching quizzes found
Score Distribution
Percent of People with Each Score
Percentile by Number Answered
Your Score History
You have not taken this quiz since the last reset